Curso completo de taquigrafía abreviada "Sistema Martí" (Record no. 159565)

MARC details
000 -LEADER
campo de control de longitud fija 00812nam a2200205 i 4500
001 - NÚMERO DE CONTROL
campo de control 159565
003 - IDENTIFICADOR DE NÚMERO DE CONTROL
campo de control ES-MaACL
005 - FECHA Y HORA DE LA ÚLTIMA TRANSACCIÓN
campo de control 20251005063124.0
008 - DATOS DE LONGITUD FIJA--INFORMACIÓN GENERAL
campo de control de longitud fija 040916s1899 sp |||| | spa d
040 ## - FUENTE DE CATALOGACIÓN
Centro catalogador/agencia de origen CAM
Lengua de catalogación spa
Centro/agencia transcriptor CAM
100 1# - ENTRADA PRINCIPAL--NOMBRE DE PERSONA
Nombre de persona Mhartín y Guix, Enrique,
Fechas asociadas al nombre 1859-1932
9 (RLIN) 80841
245 10 - MENCIÓN DEL TÍTULO
Título Curso completo de taquigrafía abreviada "Sistema Martí"
Resto del título : nuevo método que aventaja en brevedad, claridad y perfección a todos los conocidos ... /
Mención de responsabilidad, etc. por Enrique Mhartín y Guix.
250 ## - MENCION DE EDICION
Mención de edición 2ª ed. corr. y aum.
260 ## - PUBLICACIÓN, DISTRIBUCIÓN, ETC.
Lugar de publicación, distribución, etc. Madrid :
Nombre del editor, distribuidor, etc. A. de San Martín,
Fecha de publicación, distribución, etc. 1899.
300 ## - DESCRIPCIÓN FÍSICA
Extensión 169 p. ;
Dimensiones 22 cm.
650 #4 - PUNTO DE ACCESO ADICIONAL DE MATERIA--TÉRMINO DE MATERIA
Término de materia o nombre geográfico como elemento de entrada Taquigrafía Martí.
9 (RLIN) 158818
852 ## - LOCALIZACIÓN
Ubicación ES-MaACL
Número de control de estantería T-1025-F-2
Nota libre -- Enc. hol., conservando la enc. original
-- -- Enc. en un vol. facticio
942 ## - ELEMENTOS DE ENTRADA SECUNDARIOS (KOHA)
Fuente del sistema de clasificación o colocación Clasificación decimal universal
Holdings
Estatus retirado Estado de pérdida Estado de daño No para préstamo Colección Biblioteca de origen Biblioteca actual Ubicación en estantería Fecha de adquisición Total de préstamos Signatura topográfica completa Código de barras Visto por última vez Precio de reemplazo Tipo de ítem Koha
        Colección de folletos Biblioteca del Ateneo de Madrid Biblioteca del Ateneo de Madrid Depósito folletos 17/01/2008   T-1025-F-2 1167045 23/02/2023 23/02/2023 Folleto